000 00751nam a2200277 i 4500
001 C2-0145319
003 PPAK
005 20180727130715.0
008 980304s1994 my a|||| ||||| | may d
020 _a9679712702
040 _aPPAK
_beng
_cPPAK
_erda
082 0 4 _a959.7
_223
090 0 0 _a959.7
_bMAT
_dK
090 0 0 _a959.7
_bMAT
_dR
090 0 0 _a959.7
_bMAT
_dRK
100 1 _aMatthews, Jo,
_eauthor
245 1 0 _aSaya datang dari Vietnam
264 1 _aSelangor Darul Ehsan :
_bFlo ,
_c1994
300 _a32 pages :
_bcolour illustrations ;
_c22 cm
336 _2rdacontent
_atext
337 _2rdamedia
_aunmediated
338 _2rdacarrier
_avolume
490 1 _aJangan lupakan kami
830 0 _aJangan lupakan kami
942 _ddc
_cB
999 _c45928
_d45928